Tareekh e Pakistan pasmanzar o paish manzar (Record no. 531430)

000 -LEADER
fixed length control field 00410nam a22001577a 4500
003 - CONTROL NUMBER IDENTIFIER
control field NUST
005 - DATE AND TIME OF LATEST TRANSACTION
control field 20191016105342.0
008 - FIXED-LENGTH DATA ELEMENTS--GENERAL INFORMATION
fixed length control field 191016b ||||| |||| 00| 0 eng d
038 ## - RECORD CONTENT LICENSOR
Staff Name MSOHAIL
082 ## - DEWEY DECIMAL CLASSIFICATION NUMBER
Classification number 0
100 ## - MAIN ENTRY--PERSONAL NAME
Personal name Hakeem Mehmood Ahmed Zafar
9 (RLIN) 24111
245 ## - TITLE STATEMENT
Title Tareekh e Pakistan pasmanzar o paish manzar
260 ## - PUBLICATION, DISTRIBUTION, ETC.
Place of publication, distribution, etc. Lahore
Name of publisher, distributor, etc. Kitab Sarai
Date of publication, distribution, etc. 2010
300 ## - PHYSICAL DESCRIPTION
Extent 720,p;
Dimensions 26cm
Accompanying material H.B.
942 ## - ADDED ENTRY ELEMENTS (KOHA)
Source of classification or shelving scheme
Koha item type Book
Holdings
Withdrawn status Lost status Source of classification or shelving scheme Damaged status Not for loan Permanent Location Current Location Date acquired Total Checkouts Barcode Date last seen Date last checked out Price effective from Koha item type
          School of Civil and Environmental Engineering (SCEE) School of Civil and Environmental Engineering (SCEE) 10/16/2019 2 NIT-11429 12/23/2022 08/22/2022 10/16/2019 Book
© 2023 Central Library, National University of Sciences and Technology. All Rights Reserved.